000
00307nam a2200121Ia 4500
008
220120s9999||||xx |||||||||||||| ||und||
020
_a
81-7286-183-4
100
_a
Tanembaum, Andrew
_9
1853
245
0
_a
Computer networks
260
_a
Prentice hall of india
_c
2001
300
_b
160
650
_a
MATHEMATICS
999
_c
137156
_d
137156